| 000 | 00624nam a22001817a 4500 | ||
|---|---|---|---|
| 008 | 160525b xxu||||| |||| 00| 0 eng d | ||
| 020 | _a0072422246 | ||
| 082 |
_22002 _aDC 658.1511 _bF71i |
||
| 100 |
_99080 _aFolk, Jeannie M. |
||
| 245 |
_aIntroduction to managerial accounting/ _cJeannie M. Folk, Ray H. Garrison and Eric W. Noreen. |
||
| 260 |
_aBoston: _bMcGraw-Hill, _cc2002. |
||
| 300 |
_axxiv, 613 pages: _billustration; _c28 cm. |
||
| 500 | _aIncludes index | ||
| 650 | 0 |
_99081 _aManagerial accounting |
|
| 700 |
_99082 _aGarrison, Ray H. _eAuthor |
||
| 700 |
_99083 _aNoreen, Eric W. _eAuthor |
||
| 942 |
_2ddc _cDC |
||
| 999 |
_c2743 _d2743 |
||